| 000 | 01029nas a2200289 i 4500 | ||
|---|---|---|---|
| 001 | 419 | ||
| 003 | ES-MaACL | ||
| 005 | 20250814062539.0 | ||
| 007 | t| | ||
| 008 | 950801d19141925sp | | 1 ||pa d | ||
| 080 | _a908(7/8) | ||
| 245 | 0 | 0 | _aBoletín del Centro de Estudios Americanistas de Sevilla. |
| 260 |
_aSevilla : _bCentro de Estudios Americanistas, _c1914-1925. |
||
| 300 |
_a8 v. : _bgrab. ; _c28 cm. |
||
| 310 | _aTrimestral | ||
| 321 |
_aMensual, _b1913-18 |
||
| 321 |
_aBimestral, _b1919-22 |
||
| 362 | 0 | _aAño 2, n. 4 (dic. 1914)-año 12, n. 94/95/96 (1925) | |
| 500 | _aEn mar. 1916 se suspende la publicación, reanudándose en oct. de 1918. | ||
| 650 | 1 | 7 |
_aHistoria _2embne _9179933 |
| 650 | 4 |
_aInstituciones científicas y diversas _913829 |
|
| 710 | 2 |
_aCentro de Estudios Americanistas de Sevilla. _92615 |
|
| 780 | 0 | 0 |
_tBoletín del Instituto de Estudios Americanistas de Sevilla, _d1913 |
| 852 |
_aES-MaACL _jHEM-D-159 _xHem-1360 _d |
||
| 866 | 0 | _o(1914)1915.1919-24(1925) | |
| 999 |
_c419 _d419 |
||